| 000 | 00411nam a2200145Ia 4500 | ||
|---|---|---|---|
| 008 | 230917s9999||||xx |||||||||||||| ||und|| | ||
| 040 |
_e203522 _aMAIN |
||
| 041 | _aEnglish | ||
| 082 | _a820.9 S38E | ||
| 100 | _aSrivastava, Ajay Kumar | ||
| 245 | 0 | _aEnglish literature of the East and the West: Critical assessments | |
| 260 |
_aNew Delhi _bSarup Book Publishers _c2011 |
||
| 300 | _ax, 227 p. | ||
| 942 | _cBK | ||
| 999 |
_c171784 _d171784 |
||